00314nam a2200121Ia 4500008004100000020002200041041000800063082002700071100001500098245004300113260002800156300000800184230519s9999 xx 000 0 und d a978-93-86006-46-2 aeng aCH/610.7343/AUR/DB0852 aAurasang C aTextbook of Community Health Nursing-I bEMMESSaBangalorec2019 a420